Física molecular

Saved in:
Bibliografiske detaljer
Main Authors: Kikoin, I (Author), Kikoin, A (Author)
Format: Bog
Sprog:spansk
Udgivet: Moscú Mir 1971
Fag:
Tags: Tilføj Tag
Ingen Tags, Vær først til at tagge denne postø!

MARC

LEADER 00000nam a2200000 a 4500
001 UCT1355
003 CL-VaPUC
008 960927e19710000ru |||||||||||||||||spa|d
082 0 4 |a 539.6  |b KIK  |2 21 
100 0 |a Kikoin, I  |e author  |9 370184 
700 0 |a Kikoin, A  |e author  |9 370185 
245 1 0 |a Física molecular 
300 |a 544 p 
942 |c BK 
945 |d 19960927 00:00:00  |a cmena 
260 |a Moscú  |b Mir  |c 1971 
650 0 |a Moléculas   |9 259584 
650 7 |a TEORIA MOLECULAR  |2 CL-VaPUC  |9 360826 
650 7 |a MATERIA FISICA  |2 CL-VaPUC  |9 360137 
650 0 |a Biología molecular  |9 269677 
650 7 |a QUIMICA MOLECULAR  |2 CL-VaPUC  |9 360477 
650 0 |a Polímeros  |9 271736 
650 0 |a Termodinámica   |9 259320 
999 |c 251899  |d 251897 
583 |k Rodrigo Vera 
952 |0 0  |1 0  |4 0  |6 539_600000000000000_KIK_1971  |7 0  |8 A  |9 271399  |a BIBCUR  |b BIBCUR  |d 2019-11-19  |i 4534646  |o 539.6 KIK 1971  |p 4534646  |r 2025-04-22  |w 2019-11-19  |y BK  |k FIS